000
00399nam a2200133Ia 4500
008
100328s9999 xx 000 0 und d
082
_b
30709
100
_a
वरेरकर भार्गवराम विठ्ठल
245
_a
एकांकीका
260
_b
पॉप्युलर
630
_a
एकांकीका
730
_a
एकांकीका
942
_c
BOOK
999
_c
521675
_d
521672